Detalles MARC
| 000 -LEADER |
| fixed length control field |
03276nam a2200433Ii 4500 |
| 001 - CONTROL NUMBER |
| control field |
DIGIBE0210 |
| 003 - CONTROL NUMBER IDENTIFIER |
| control field |
NyNyDIG |
| 006 - FIXED-LENGTH DATA ELEMENTS--ADDITIONAL MATERIAL CHARACTERISTICS |
| fixed length control field |
m o d |
| 007 - PHYSICAL DESCRIPTION FIXED FIELD--GENERAL INFORMATION |
| fixed length control field |
cr ||||||||||| |
| 008 - FIXED-LENGTH DATA ELEMENTS--GENERAL INFORMATION |
| fixed length control field |
130201s2006 sp a ob 000 0 spa d |
| 020 ## - INTERNATIONAL STANDARD BOOK NUMBER |
| Canceled/invalid ISBN |
8484892603 |
| Qualifying information |
(Iberoamericana) |
| 020 ## - INTERNATIONAL STANDARD BOOK NUMBER |
| Canceled/invalid ISBN |
9788484892601 |
| Qualifying information |
(Iberoamericana) |
| 020 ## - INTERNATIONAL STANDARD BOOK NUMBER |
| Canceled/invalid ISBN |
3865272827 |
| Qualifying information |
(Vervuert) |
| 020 ## - INTERNATIONAL STANDARD BOOK NUMBER |
| Canceled/invalid ISBN |
9783865272829 |
| Qualifying information |
(Vervuert) |
| 035 ## - SYSTEM CONTROL NUMBER |
| System control number |
(OCoLC)607481543 |
| 040 ## - CATALOGING SOURCE |
| Original cataloging agency |
DGITA |
| Language of cataloging |
eng |
| Description conventions |
pn |
| Transcribing agency |
DGITA |
| 043 ## - GEOGRAPHIC AREA CODE |
| Geographic area code |
e-sp--- |
| 050 14 - LIBRARY OF CONGRESS CALL NUMBER |
| Classification number |
DP269 eBook |
| 100 1# - MAIN ENTRY--PERSONAL NAME |
| Personal name |
Gómez López-Quiñones, Antonio, |
| Dates associated with a name |
1973- |
| 245 13 - TITLE STATEMENT |
| Title |
La guerra persistente : |
| Remainder of title |
memoria, violencia y utopía : representaciones contemporáneas de la Guerra Civil Española / |
| Statement of responsibility, etc. |
Antonio Gómez López-Quiñones. |
| 264 #1 - PRODUCTION, PUBLICATION, DISTRIBUTION, MANUFACTURE, AND COPYRIGHT NOTICE |
| Place of production, publication, distribution, manufacture |
Madrid : |
| Name of producer, publisher, distributor, manufacturer |
Iberoamericana ; |
| Place of production, publication, distribution, manufacture |
Frankfurt am Main : |
| Name of producer, publisher, distributor, manufacturer |
Vervuert, |
| Date of production, publication, distribution, manufacture, or copyright notice |
2006. |
| 300 ## - PHYSICAL DESCRIPTION |
| Extent |
1 online resource (306 pages) |
| 336 ## - CONTENT TYPE |
| Content type term |
text |
| Content type code |
txt |
| Source |
rdacontent |
| 337 ## - MEDIA TYPE |
| Media type term |
computer |
| Media type code |
c |
| Source |
rdamedia |
| 338 ## - CARRIER TYPE |
| Carrier type term |
online resource |
| Carrier type code |
cr |
| Source |
rdacarrier |
| 490 1# - SERIES STATEMENT |
| Series statement |
La casa de la riqueza. Estudios de cultura de España ; |
| Volume/sequential designation |
10. |
| 504 ## - BIBLIOGRAPHY, ETC. NOTE |
| Bibliography, etc. note |
Includes bibliographical references. |
| 505 0# - FORMATTED CONTENTS NOTE |
| Formatted contents note |
Parte 1. La guerra extraviada: historia y memoria como problemas epistemológicos: -- 1. Introducción -- 2. El nombre que ahora digo: la Historia transparente -- 3. Las guerras de Etruria: la Historia y el problema de su transmisión -- 4. Soldados de Salamina: el valor del testimonio y la retórica de la anti-literariedad -- 5. El lápiz del carpintero: cambios en la hegemonía de la memoria -- 6. Los problemas de filiación histórica en La sangre ajena -- 7. Tu rostro mañana. Fiebre y lanza: la adivinanza del pasado desde un presente mentiroso -- 8. Conclusiones del capítulo -- Parte 2. La representación de la violencia: sentidos y discursos des/legitimadores: 1. Introducción -- 2. La hija del caníbal y el ocaso de la violencia heroica -- 3. Maquis y los discursos de la violencia en una comunidad en guerra -- 4. Guerras justas y guerras injustas: violencia y redención en Carta blanca -- 5. Fantasmagoría y violencia en El espinazo del diablo -- 6. Extranjeros de sí mismos: el género documental y la violencia de la Guerra Civil española -- 7. Conclusiones del capítulo -- Parte 3. La utopía retrospectiva: la segunda república o la nostalgia por un pasado mejor: 1. Introducción -- 2. La voz dormida: el personaje como utopía política y literaria -- 3. La infancia como utopía política: La lengua de las mariposas y El viaje de Carol -- 4. Utopía y naturaleza en Silencio roto -- 5. La utopía cultural en Los colores de la guerra y La hora de los valientes -- 6. Conclusiones del capítulo -- Obras citadas. |
| 651 #0 - SUBJECT ADDED ENTRY--GEOGRAPHIC NAME |
| Geographic name |
Spain |
| General subdivision |
History |
| Chronological subdivision |
Civil War, 1936-1939. |
| 651 #0 - SUBJECT ADDED ENTRY--GEOGRAPHIC NAME |
| Geographic name |
Spain |
| General subdivision |
History |
| Chronological subdivision |
Civil War, 1936-1939 |
| General subdivision |
Literature and the war. |
| 651 #0 - SUBJECT ADDED ENTRY--GEOGRAPHIC NAME |
| Geographic name |
Spain |
| General subdivision |
History |
| Chronological subdivision |
Civil War, 1936-1939 |
| General subdivision |
Motion pictures and the war. |
| 655 #0 - INDEX TERM--GENRE/FORM |
| Genre/form data or focus term |
Electronic books. |
| 791 2# - |
| -- |
Digitalia (Firm), |
| -- |
distributor. |
| 793 0# - |
| -- |
Digitalia eBook Collection: |
| -- |
Iberoamericana/Vervuert. |
| 830 #0 - SERIES ADDED ENTRY--UNIFORM TITLE |
| Uniform title |
Casa de la riqueza. |
| Name of part/section of a work |
Estudios de cultura de España ; |
| Volume/sequential designation |
10. |
| 856 40 - ELECTRONIC LOCATION AND ACCESS |
| Materials specified |
Digitalia Hispánica |
| Uniform Resource Identifier |
<a href="https://www.digitaliapublishing.com/a/18367/">https://www.digitaliapublishing.com/a/18367/</a> |
| 910 ## - USER-OPTION DATA (OCLC) |
| User-option data |
Premium Collection: 2007-2012 |
| 942 ## - ADDED ENTRY ELEMENTS (KOHA) |
| Koha item type |
Recurso Electrónico |